[Event "2nd Hersonissos Open 2018"]
[Site "Hersonissos"]
[Date "2018.06.23"]
[Round "8"]
[White "Kozyris, Ilias"]
[Black "Aggeletos, Marios"]
[Result "0-1"]
[WhiteElo "1570"]
[BlackElo "1769"]
[Annotator "NA"]
[PlyCount "74"]
[EventDate "2018.06.23"]
[EventType "swiss"]
[EventCountry "GRE"]
[SourceTitle "playchess.com"]
[Source "ChessBase"]
[SourceQuality "1"]
[TimeControl "5400+30"]

1. e4 {[%emt 0:00:00]} c5 {[%emt 0:00:04]} 2. Nf3 {[%emt 0:00:00]} d6 {[%emt 0:00:05]} 3. d4 {[%emt 0:00:00]} cxd4 {[%emt 0:00:07]} 4. Nxd4 {[%emt 0:00:00]} Nf6 {[%emt 0:00:02]} 5. Nc3 {[%emt 0:00:05]} a6 {[%emt 0:00:02]} 6. Bg5 {[%emt 0:00:33]} e6 {[%emt 0:00:04]} 7. f4 {[%emt 0:00:11]} Qb6 {[%emt 0:00:12]} 8. Nb3 {[%emt 0:10:53]} Nbd7 {[%emt 0:04:17]} 9. Qf3 {[%emt 0:04:12]} Be7 {[%emt 0:04:53]} 10. g4 {[%emt 0:00:59]} h6 {[%emt 0:02:37]} 11. Bxf6 {[%emt 0:01:19]} Bxf6 {[%emt 0:03:16]} 12. O-O-O {[%emt 0:00:58]} g5 {[%emt 0:02:08]} 13. fxg5 {[%emt 0:11:41]} Bxg5+ {[%emt 0:00:35]} 14. Kb1 {[%emt 0:00:08]} Ne5 {[%emt 0:00:15]} 15. Qg3 {[%emt 0:00:02]} Bd7 {[%emt 0:05:28]} 16. h4 {[%emt 0:03:36]} Be7 {[%emt 0:00:48]} 17. Be2 {[%emt 0:02:15]} O-O-O {[%emt 0:01:50]} 18. Rd4 {[%emt 0:04:51]} Kb8 {[%emt 0:18:27]} 19. Rhd1 {[%emt 0:04:54]} Rhg8 {[%emt 0:07:42]} 20. a3 Qc7 {[%emt 0:06:42]} 21. Na4 {[%emt 0:31:09]} f6 {[%emt 0:11:31]} 22. Na1 {[%emt 0:08:43]} Nc6 {[%emt 0:17:40]} 23. R4d3 {[%emt 0:02:25]} f5 {[%emt 0:03:49]} 24. exf5 {[%emt 0:01:33]} exf5 {[%emt 0:00:32]} 25. Qe3 {[%emt 0:00:07]} Bxh4 {[%emt 0:02:34]} 26. Rxd6 {[%emt 0:01:11]} Bg5 {[%emt 0:00:23]} 27. Qb3 {[%emt 0:00:59]} Na5 {[%emt 0:03:09]} 28. Qb6 {[%emt 0:08:02]} Bxa4 {[%emt 0:00:58]} 29. Rxd8+ {[%emt 0:02:32]} Rxd8 {[%emt 0:00:15]} 30. Rxd8+ {[%emt 0:00:22]} Qxd8 {[%emt 0:00:07]} 31. Qb4 {[%emt 0:00:36]} Bc6 {[%emt 0:02:43]} 32. gxf5 {[%emt 0:00:31]} Bf6 {[%emt 0:01:04]} 33. Qf4+ {[%emt 0:00:40]} Ka7 {[%emt 0:00:31]} 34. Qxh6 {[%emt 0:00:56]} Qd4 {[%emt 0:00:07]} 35. c3 {[%emt 0:00:26]} Be4+ {[%emt 0:01:05]} 36. Kc1 {[%emt 0:00:01]} Qg1+ {[%emt 0:00:14]} 37. Kd2 {[%emt 0:00:31]} Bg5+ {[%emt 0:00:08]} 0-1

[Event "2nd Hersonissos Open 2018"]
[Site "Hersonissos"]
[Date "2018.06.23"]
[Round "8"]
[White "Ergazaki, Eirini"]
[Black "Pliev, Vladimir"]
[Result "0-1"]
[WhiteElo "1348"]
[BlackElo "1909"]
[Annotator "NA"]
[PlyCount "60"]
[EventDate "2018.06.23"]
[EventType "swiss"]
[EventCountry "GRE"]
[SourceTitle "playchess.com"]
[Source "ChessBase"]
[SourceQuality "1"]
[TimeControl "5400+30"]

1. e4 {[%emt 0:00:00]} c5 {[%emt 0:00:04]} 2. Nc3 {[%emt 0:00:00]} Nc6 {[%emt 0:00:07]} 3. g3 {[%emt 0:00:00]} g6 {[%emt 0:00:24]} 4. Bg2 {[%emt 0:00:00]} Bg7 {[%emt 0:00:04]} 5. d3 {[%emt 0:00:04]} d6 {[%emt 0:00:09]} 6. Be3 {[%emt 0:00:23]} Nd4 {[%emt 0:00:24]} 7. Qd2 {[%emt 0:01:41]} e5 {[%emt 0:01:48]} 8. Nd1 {[%emt 0:01:04]} Be6 {[%emt 0:02:49]} 9. c3 {[%emt 0:02:14]} Nc6 {[%emt 0:00:11]} 10. Ne2 {[%emt 0:02:19]} Qd7 {[%emt 0:04:03]} 11. O-O {[%emt 0:02:01]} Nge7 {[%emt 0:00:49]} 12. f4 {[%emt 0:02:01]} O-O {[%emt 0:01:06]} 13. Nf2 {[%emt 0:04:26]} f5 {[%emt 0:03:36]} 14. Rfd1 {[%emt 0:12:20]} Rad8 {[%emt 0:03:41]} 15. d4 {[%emt 0:04:18]} cxd4 {[%emt 0:00:14]} 16. cxd4 {[%emt 0:00:17]} fxe4 {[%emt 0:02:20]} 17. Bxe4 {[%emt 0:02:37]} d5 {[%emt 0:00:26]} 18. Bg2 {[%emt 0:01:24]} e4 {[%emt 0:00:14]} 19. Qc3 {[%emt 0:06:38]} Rc8 {[%emt 0:00:46]} 20. Qe1 {[%emt 0:02:33]} Nf5 {[%emt 0:00:15]} 21. Bc1 {[%emt 0:03:27]} Nfxd4 {[%emt 0:00:40]} 22. Nxd4 {[%emt 0:02:16]} Nxd4 {[%emt 0:00:08]} 23. Qf1 {[%emt 0:00:38]} Qb5 {[%emt 0:02:58]} 24. Qxb5 {[%emt 0:06:17]} Nxb5 {[%emt 0:00:06]} 25. Rb1 {[%emt 0:00:33]} Rc2 {[%emt 0:01:19]} 26. Bf1 {[%emt 0:03:06]} Nd4 {[%emt 0:02:02]} 27. a4 {[%emt 0:06:49]} Nf3+ {[%emt 0:00:59]} 28. Kg2 {[%emt 0:00:26]} d4 {[%emt 0:01:24]} 29. b3 {[%emt 0:04:54]} e3 {[%emt 0:00:26]} 30. Kxf3 {[%emt 0:00:21]} Rxf2+ {[%emt 0:00:07]} 0-1

[Event "2nd Hersonissos Open 2018"]
[Site "Hersonissos"]
[Date "2018.06.24"]
[Round "9"]
[White "Delchev, Aleksander"]
[Black "L'ami, Alina"]
[Result "1-0"]
[WhiteElo "2563"]
[BlackElo "2307"]
[Annotator "TA"]
[PlyCount "63"]
[EventDate "2018.06.23"]
[EventType "swiss"]
[EventCountry "GRE"]
[SourceTitle "playchess.com"]
[Source "ChessBase"]
[SourceQuality "1"]

{[%evp 23,63,118,124,137,310,295,276,126,127,121,128,90,168,122,132,115,108,105,126,127,183,164,269,271,329,178,172,163,188,181,179,149,678,679,741,741,741,741,737,733,684,661]} 1. e4 c5 2. Nf3 d6 3. d4 cxd4 4. Nxd4 Nf6 5. Nc3 a6 6. Bc4 e6 7. Bb3 b5 8. O-O Bb7 9. Re1 Nbd7 10. Bg5 Nc5 11. Bd5 Qc7 {B87: Sicilian Scheveningen/Najdorf: 6 Bc4, with early ...b5} 12. Bxf6 gxf6 {LiveBook: 3 Games} 13. Qh5 $146 {[#] aiming for Bxe6.} ({Predecessor:} 13. b4 Nd7 14. Bxb7 Qxb7 15. Qh5 Qc8 16. Nce2 Qc4 17. a4 bxa4 18. Rxa4 Bg7 19. Rea1 {1-0 (35) Hillarp Persson,T (2557)-Jackson,O (2157) Guernsey 2013}) 13... O-O-O $2 (13... b4 $16) 14. Bxb7+ $18 Nxb7 15. Qh3 (15. a4 $18 {is more deadly.}) 15... Kb8 $16 16. Qf3 Rg8 17. g3 b4 (17... Na5 $16) 18. Nce2 d5 19. exd5 Rxd5 20. c3 bxc3 21. bxc3 f5 (21... Bd6 $16) 22. Rab1 $18 Bc5 (22... Ka7 {was necessary.} 23. Nf4 Rd6) 23. Nf4 Rd6 {[#]} 24. Nd3 (24. Rxe6 $142 $1 {[%mdl 512]} fxe6 (24... Rxe6 25. Nfxe6) 25. Nfxe6) 24... Bb6 25. Nb4 {[%cal Bd3b4,Bb4d5,Bd5b6][%mdl 32]} Bxd4 26. cxd4 Rc8 27. d5 $36 {[%mdl 2048] Nc6+ is the strong threat. White is really pushing.} exd5 $2 {[%mdl 8192]} (27... Ka8 $16 28. Nc6 exd5) 28. Nxd5 {White is clearly winning.} Qc6 29. Re7 Rd7 30. Qf4+ Ka7 31. Rxd7 Qxd7 32. Nb6 {Precision: White = 59%, Black = 23%.} 1-0

[Event "2nd Hersonissos Open 2018"]
[Site "Hersonissos"]
[Date "2018.06.24"]
[Round "9"]
[White "Salomon, Johan"]
[Black "Djingarova, Emilia"]
[Result "1/2-1/2"]
[WhiteElo "2474"]
[BlackElo "2218"]
[Annotator "TA"]
[PlyCount "119"]
[EventDate "2018.06.23"]
[EventType "swiss"]
[EventCountry "GRE"]
[SourceTitle "playchess.com"]
[Source "ChessBase"]
[SourceQuality "1"]

{[%evp 20,119,35,24,79,58,107,60,75,82,94,89,83,86,79,88,103,102,92,58,97,82,104,77,82,79,120,123,110,93,102,64,102,112,157,132,140,136,168,19,18,23,29,24,37,35,26,28,26,8,17,-29,-24,-53,-58,-48,-52,-37,-28,-279,-279,-295,-223,-223,-219,-219,-117,-147,0,-208,-184,-308,-308,-300,-300,-297,-297,-305,-269,-288,-284,-640,-640,-640,-640,-1541,0,0,0,0,0,0,0,0,0,0,0,0,0,0,0,0]} 1. Nf3 d5 2. e3 Nf6 3. c4 c6 4. Nc3 e6 5. b3 Nbd7 6. Qc2 Bd6 7. Bb2 O-O 8. Be2 Qe7 {A11: English Opening: 1...c6} 9. Rg1 (9. O-O b6 10. cxd5 cxd5 11. Nb5 Ba6 12. Qd1 Bxb5 13. Bxb5 a6 14. Be2 Ba3 15. Qc1 Bxb2 16. Qxb2 {½-½ (33) Ivanchuk,V (2728)-Duda,J (2707) Tbilisi 2017}) 9... Ba3 10. Bxa3 Qxa3 11. g4 {LiveBook: 4 Games} Nc5 (11... b6 $11 {remains equal.}) 12. h4 $146 ({Predecessor:} 12. d3 Rd8 13. g5 Nfd7 14. d4 Na6 15. h4 Nf8 16. h5 {0-1 (47) Yagiz,Y (2209)-Goksel,D (2189) Istanbul 2006}) 12... a5 13. Rb1 Na6 14. g5 Nb4 15. Qb2 Qxb2 16. Rxb2 Nd7 17. d4 Re8 18. a3 Na6 19. Nd2 Nc7 20. f4 $1 Rb8 21. b4 axb4 22. axb4 b5 23. c5 Ra8 24. Kf2 Ra3 25. Rb3 (25. Nb3 {keeps more tension.} Bb7 26. Nb1 Ra4 27. Na5 Rb8 28. Nc3) 25... Rxb3 26. Nxb3 Na6 27. Na5 Ndb8 ({But not} 27... Nxb4 $2 28. Rb1 $18) 28. Rb1 Re7 {[#]} 29. e4 (29. Bxb5 $1 $18 cxb5 30. Nxb5) 29... Ra7 $11 30. Bxb5 cxb5 31. Nxb5 Ra8 $1 32. Nd6 Bd7 $1 33. exd5 exd5 34. f5 Kf8 35. h5 Nc7 36. Ke3 Nb5 37. Nxb5 Bxb5 38. Kf4 $1 f6 39. g6 $2 {[%mdl 8192] [#]} (39. h6 $11 {and White is okay.}) 39... h6 $1 $19 40. Nb7 Na6 41. Nd6 Nc7 42. Re1 Ra4 (42... Bd7 $19 43. Re2 Ra4) 43. Nc8 Ra8 ({Worse is} 43... Rxb4 44. Re7 $14) (43... Be8 $17 44. Rb1 Na6) 44. Nd6 Ra2 45. Nxb5 (45. Kg3 $142) 45... Nxb5 {[%mdl 4096] Endgame KRN-KR} 46. Re6 Nxd4 47. Rb6 Re2 48. b5 Re4+ 49. Kg3 Nxf5+ 50. Kg2 $2 (50. Kf3) 50... d4 51. c6 {c7 is the strong threat.} d3 52. Rb8+ Re8 $2 (52... Ke7 $19 53. c7 Nd6) 53. c7 $11 {Rxe8+ would kill now.The position is equal.} Nd6 54. b6 $1 d2 55. b7 {Threatens to win with Rxe8+.} d1=Q {( -> ...Qc2+)} 56. Rxe8+ Nxe8 57. c8=Q {Hoping for Qc5+.} Qe2+ 58. Kg1 Qe1+ 59. Kg2 {aiming for Qc5+.} Qe2+ 60. Kg1 {Precision: White = 41%, Black = 50%.} 1/2-1/2

[Event "2nd Hersonissos Open 2018"]
[Site "Hersonissos"]
[Date "2018.06.24"]
[Round "9"]
[White "Risting, Eivind Olav"]
[Black "Hommeles, Theo"]
[Result "1/2-1/2"]
[WhiteElo "2301"]
[BlackElo "2361"]
[Annotator "NA"]
[PlyCount "28"]
[EventDate "2018.06.23"]
[EventType "swiss"]
[EventCountry "GRE"]
[SourceTitle "playchess.com"]
[Source "ChessBase"]
[SourceQuality "1"]
[TimeControl "5400+30"]

{[%evp 8,22,29,24,15,12,32767,5,32767,32767,32767,11,36,32767,32767,8,7]} 1. d4 {[%emt 0:00:42]} d5 {[%emt 0:00:12]} 2. c4 {[%emt 0:00:17]} c6 {[%emt 0:00:06]} 3. Nf3 {[%emt 0:00:10]} Nf6 {[%emt 0:00:10]} 4. Nc3 {[%emt 0:00:23]} e6 {[%emt 0:00:10]} 5. e3 {[%emt 0:00:24]} Nbd7 {[%emt 0:00:14]} 6. Qc2 {[%emt 0:00:37]} Bd6 {[%emt 0:00:20]} 7. Bd3 {[%emt 0:00:12] LiveBook: 3645 Games} O-O {[%emt 0:01:46]} 8. O-O {[%emt 0:00:21]} h6 {[%emt 0:01:40]} 9. b3 {[%emt 0:07:13]} a6 {[%emt 0:09:58]} 10. Rd1 {[%emt 0:02:16]} e5 {[%emt 0:05:37]} 11. dxe5 {[%emt 0:21:54]} Nxe5 $11 {[%emt 0:03:05]} 12. Be2 {[%emt 0:01:48]} Bg4 {[%emt 0:08:57]} 13. Nxe5 {[%emt 0:07:10]} Bxe2 {[%emt 0:01:20]} 14. Qxe2 {[%emt 0:01:19]} Bxe5 {[%emt 0:00:18]} 1/2-1/2

[Event "2nd Hersonissos Open 2018"]
[Site "Hersonissos"]
[Date "2018.06.24"]
[Round "9"]
[White "Ranaldi, Lucas"]
[Black "Maris, Ioannis"]
[Result "1-0"]
[WhiteElo "2283"]
[BlackElo "1915"]
[Annotator "NA"]
[PlyCount "47"]
[EventDate "2018.06.23"]
[EventType "swiss"]
[EventCountry "GRE"]
[SourceTitle "playchess.com"]
[Source "ChessBase"]
[SourceQuality "1"]
[TimeControl "5400+30"]

1. Nf3 {[%emt 0:01:00]} c5 {[%emt 0:00:26]} 2. c4 {[%emt 0:00:13]} Nc6 {[%emt 0:01:51]} 3. Nc3 {[%emt 0:00:09]} g6 {[%emt 0:00:55]} 4. e3 {[%emt 0:00:08]} Bg7 {[%emt 0:00:30]} 5. d4 {[%emt 0:00:10]} cxd4 {[%emt 0:03:04]} 6. exd4 {[%emt 0:00:02]} d6 {[%emt 0:00:14]} 7. d5 {[%emt 0:00:13]} Ne5 {[%emt 0:00:22]} 8. Nd4 {[%emt 0:00:11] A35: Symmetrical English: 2 Nc3 Nc6 3 Nf3} (8. Nxe5 Bxe5 9. Bd3 Bg7 10. O-O Nf6 11. Re1 O-O 12. h3 a6 13. Bg5 Re8 14. Qd2 Bd7 15. a4 Qa5 16. Qc2 Rac8 {0-1 (60) Pantsulaia,L (2605)-Zwardon,V (2412) chess.com INT 2018}) 8... a6 {[%emt 0:00:21]} 9. Nc2 $146 {[%emt 0:12:53]} ({Predecessor:} 9. f4 Nd7 10. Be3 e5 11. dxe6 Ndf6 12. exf7+ Kxf7 13. Qb3 Ne7 14. O-O-O Re8 15. Nf3 Kf8 {0-1 (36) Bene,Z (2084)-Kalanyos,F (2013) Hungary 2004}) 9... Nf6 {[%emt 0:00:33]} 10. Be2 {[%emt 0:00:24]} O-O {[%emt 0:00:49]} 11. O-O {[%emt 0:00:28]} Qc7 {[%emt 0:01:56]} 12. Ne3 {[%emt 0:00:44]} Rb8 {[%emt 0:06:40]} 13. Bd2 {[%emt 0:01:21]} Qb6 {[%emt 0:06:50]} 14. b3 {[%emt 0:01:32]} Qd4 {[%emt 0:02:10]} 15. Nc2 {[%emt 0:04:17]} Qh4 {[%emt 0:01:37]} 16. f4 {[%emt 0:04:53]} Ned7 {[%emt 0:23:29] [#]} 17. Be1 $1 {[%emt 0:08:59]} Qh6 {[%emt 0:00:13]} 18. g4 {[%emt 0:00:22]} Qh3 {[%emt 0:03:07] [#]} 19. g5 $1 {[%emt 0:00:58]} Nc5 $18 {[%emt 0:03:55]} 20. gxf6 {[%emt 0:01:42]} Bxf6 {[%emt 0:00:02]} 21. Rf3 {[%emt 0:01:13]} Qg4+ {[%emt 0:01:13]} 22. Kh1 {[%emt 0:00:58]} b5 {[%emt 0:05:07]} 23. b4 {[%emt 0:03:08]} Bxc3 {[%emt 0:01:53]} 24. Rxc3 {[%emt 0:02:16]} 1-0

[Event "2nd Hersonissos Open 2018"]
[Site "Hersonissos"]
[Date "2018.06.24"]
[Round "9"]
[White "Umbetov, Kazybek"]
[Black "Adair, James R"]
[Result "0-1"]
[WhiteElo "2001"]
[BlackElo "2485"]
[Annotator "TA"]
[PlyCount "114"]
[EventDate "2018.06.23"]
[EventType "swiss"]
[EventCountry "GRE"]
[SourceTitle "playchess.com"]
[Source "ChessBase"]
[SourceQuality "1"]

{[%evp 28,114,0,-61,-70,-91,-85,-86,-78,-96,-57,-60,-63,-45,-34,-27,0,0,0,0,-26,-21,0,0,0,0,0,0,0,0,0,0,0,0,0,-50,-77,-71,-31,-81,-77,-72,-77,-80,-31,-31,-34,-31,0,0,78,-11,-15,-15,-8,-35,0,0,0,0,0,-8,-8,-8,-8,-8,-8,-110,-8,-8,-8,-100,-93,-1234,-765,-1125,-817,-1008,-914,-1771,-1360,-12799,-10455,-29959,-29955,-6507,-6133,-4618,-4606]} 1. e4 c5 2. Nf3 d6 3. d4 cxd4 4. Nxd4 Nf6 5. Nc3 a6 6. f3 e5 7. Nb3 Be6 8. Be3 Be7 9. Qd2 O-O 10. O-O-O Nbd7 11. g4 b5 12. Rg1 {B90: Sicilian Najdorf: Unusual White 6th moves, 6 Be3 Ng4 and 6 Be3 e5} (12. g5 b4 13. Na4 Nh5 14. Qxb4 Bxg5 15. Bxg5 Qxg5+ 16. Kb1 Qf6 17. Qxd6 Qxf3 18. Rg1 Qe3 19. Bxa6 Nhf6 20. Rge1 Qa7 {1-0 (43) Yu,Y (2760)-Duda,J (2724) Liaocheng 2018}) 12... Nb6 13. g5 Nh5 14. Na5 Qc7 15. Kb1 {[#] LiveBook: 5 Games} (15. Nd5 $11 Nxd5 16. exd5) 15... d5 $1 $15 {[%cal Rd5d4][%mdl 512]} 16. Nxd5 Nxd5 17. exd5 Bxd5 18. Qf2 {[#]} ({Avoid the trap} 18. Qxd5 $2 Rad8 $19) 18... Bxa2+ $146 {[%mdl 512]} ({Predecessor:} 18... Nf4 19. Nb3 Qc6 20. Bxf4 exf4 {½-½ (35) Nepomniachtchi,I (2624)-Sjugirov,S (2588) Dagomys 2009}) 19. Kxa2 {Hoping for Nb3.} Qxa5+ 20. Kb1 Qc7 21. Bd3 Rac8 22. Bf5 $36 {[%mdl 2048] And now Rd7 would win. White is pushing.} Rcd8 23. Bb6 Rxd1+ 24. Rxd1 Qc6 25. h4 Nf4 26. Qe3 Ne6 27. Be4 Qc4 28. Rd7 Bc5 29. Bxc5 Qxc5 30. Qxc5 Nxc5 31. Re7 (31. Ra7 {feels hotter.} Nxe4 32. fxe4 f6 33. Rxa6 fxg5 34. hxg5 Rf4 35. Rb6) 31... Nxe4 32. fxe4 {[%mdl 4096] Endgame KR-KR} f6 33. Re6 fxg5 34. hxg5 Rf1+ 35. Ka2 Rg1 36. Rxe5 Kf7 37. Kb3 Kg6 38. c4 $1 Rxg5 (38... bxc4+ $11 {remains equal.} 39. Kxc4 Rxg5 40. Re6+ Kf7 41. Rxa6 h5) 39. Re6+ ({Better is} 39. Rxg5+ $16 Kxg5 40. c5) 39... Kf7 40. Rxa6 h5 {next ...h4 is good for Black.} 41. Ra7+ Kf6 42. Ra6+ Ke7 43. Ra7+ Kd6 44. e5+ Kxe5 45. cxb5 Kd6 {Strongly threatening ...h4.} 46. Kb4 h4 47. Ra1 (47. Rf7 $11) 47... h3 (47... Rh5 $1 $17 48. Ra6+ Ke5) 48. Rc1 $1 $11 {b6 is the strong threat.} Rg4+ 49. Ka5 {[#]} (49. Ka3 $1 $11 {keeps the balance.} Kd7 50. b6) 49... Rg2 $1 $17 {White must now prevent ...h2.} 50. b4 $2 {[%mdl 8192] [#]} (50. b3 $17 Ra2+ 51. Kb4) 50... Ra2+ $1 $19 51. Kb6 g5 52. Rd1+ Ke5 53. Kc6 Rc2+ 54. Kd7 Rb2 55. b6 Rxb4 56. Kc6 Kf4 57. Rf1+ Kg3 {Precision: White = 39%, Black = 58%.} 0-1

[Event "2nd Hersonissos Open 2018"]
[Site "Hersonissos"]
[Date "2018.06.24"]
[Round "9"]
[White "Sielicki, Tomasz"]
[Black "Haug, Johannes"]
[Result "0-1"]
[WhiteElo "1963"]
[BlackElo "2401"]
[Annotator "NA"]
[PlyCount "76"]
[EventDate "2018.06.23"]
[EventType "swiss"]
[EventCountry "GRE"]
[SourceTitle "playchess.com"]
[Source "ChessBase"]
[SourceQuality "1"]
[TimeControl "5400+30"]

1. d4 {[%emt 0:00:00]} f5 {[%emt 0:01:48]} 2. e4 {[%emt 0:04:15]} fxe4 {[%emt 0:00:08]} 3. Nc3 {[%emt 0:00:08]} Nf6 {[%emt 0:00:19]} 4. Bg5 {[%emt 0:00:09]} Nc6 {[%emt 0:00:41]} 5. d5 {[%emt 0:00:43]} Ne5 {[%emt 0:00:21]} 6. Qd4 {[%emt 0:01:24]} Nf7 {[%emt 0:00:40]} 7. h4 {[%emt 0:00:45]} ({Better is} 7. Nh3 $11) 7... c6 {[%emt 0:00:55]} 8. O-O-O {[%emt 0:02:34]} Qb6 {[%emt 0:00:27] A83: Dutch Defence: Staunton Gambit with 3 Nc3 Nf6 4 Bg5} 9. Bxf6 {[%emt 0:04:48]} gxf6 {[%emt 0:00:37]} 10. Qxe4 {[%emt 0:01:03] LiveBook: 18 Games} Qxf2 {[%emt 0:02:44]} 11. Bd3 $146 {[%emt 0:00:42]} ({Predecessor:} 11. Nf3 f5 12. Qxf5 Qe3+ 13. Kb1 d6 14. Qd3 Qxd3 15. Bxd3 Bg7 16. Ng5 {0-1 (38) Del Rio de Angelis,S (2522)-Vallejo Pons,F (2713) Linares 2016}) 11... Bh6+ {[%emt 0:08:40]} 12. Kb1 {[%emt 0:00:14]} Qf4 {[%emt 0:04:53]} 13. Qe2 {[%emt 0:03:29]} d6 {[%emt 0:13:37]} 14. Nf3 {[%emt 0:09:25]} Bg4 {[%emt 0:09:15]} 15. Rhe1 {[%emt 0:25:03]} (15. dxc6 $14 bxc6 16. Be4) 15... Ne5 {[%emt 0:02:52]} 16. dxc6 {[%emt 0:07:20]} bxc6 {[%emt 0:00:30]} 17. Be4 {[%emt 0:04:26]} Bxf3 {[%emt 0:16:04]} 18. Bxf3 {[%emt 0:01:27]} O-O {[%emt 0:04:03]} 19. Qf2 {[%emt 0:05:12]} Qb4 {[%emt 0:08:43]} 20. a3 $17 {[%emt 0:10:06]} Qb6 {[%emt 0:00:46]} 21. Qxb6 {[%emt 0:03:41]} axb6 {[%emt 0:00:11]} 22. Rxe5 {[%emt 0:00:18]} dxe5 {[%emt 0:01:24]} 23. Bxc6 {[%emt 0:00:46]} Rad8 {[%emt 0:01:10]} 24. Bd7 {[%emt 0:04:13]} Kf7 {[%emt 0:02:39]} 25. Na4 {[%emt 0:01:08]} Be3 {[%emt 0:03:36]} 26. Rd3 {[%emt 0:00:25]} Bd4 {[%emt 0:05:18]} 27. Bf5 {[%emt 0:02:12]} e6 {[%emt 0:01:21]} 28. Bxh7 {[%emt 0:01:02]} Rh8 {[%emt 0:01:13]} 29. Be4 {[%emt 0:01:48]} Rxh4 {[%emt 0:00:46]} 30. Bc6 {[%emt 0:00:36]} e4 {[%emt 0:02:07]} 31. Rb3 {[%emt 0:00:59]} f5 {[%emt 0:02:52]} 32. Nxb6 {[%emt 0:02:21]} Rh1+ {[%emt 0:01:43]} 33. Ka2 {[%emt 0:00:05]} Rd6 {[%emt 0:00:28]} 34. c3 {[%emt 0:01:15]} Bxb6 {[%emt 0:00:30]} 35. Rxb6 {[%emt 0:00:06]} Kf6 {[%emt 0:00:14]} 36. c4 {[%emt 0:00:23]} e3 {[%emt 0:00:33]} 37. c5 {[%emt 0:00:06]} Rxc6 {[%emt 0:00:07]} 38. Rxc6 {[%emt 0:00:25]} e2 {[%emt 0:00:06]} 0-1

[Event "2nd Hersonissos Open 2018"]
[Site "Hersonissos"]
[Date "2018.06.24"]
[Round "9"]
[White "Kadianis, Georgios"]
[Black "Bit-Narva, David"]
[Result "0-1"]
[WhiteElo "1917"]
[BlackElo "1926"]
[Annotator "NA"]
[PlyCount "126"]
[EventDate "2018.06.23"]
[EventType "swiss"]
[EventCountry "GRE"]
[SourceTitle "playchess.com"]
[Source "ChessBase"]
[SourceQuality "1"]
[TimeControl "5400+30"]

1. e4 {[%emt 0:00:00]} g6 {[%emt 0:02:09]} 2. d4 {[%emt 0:01:02]} Bg7 {[%emt 0:00:09]} 3. Nc3 {[%emt 0:00:21]} d6 {[%emt 0:01:19]} 4. Be3 {[%emt 0:00:07]} a6 {[%emt 0:00:22]} 5. Qd2 {[%emt 0:00:22]} Nd7 {[%emt 0:00:13]} 6. O-O-O {[%emt 0:01:00]} b5 {[%emt 0:00:19]} 7. f3 {[%emt 0:02:42]} Bb7 {[%emt 0:00:49]} 8. g4 {[%emt 0:04:46]} h6 {[%emt 0:01:31]} 9. h4 {[%emt 0:05:30]} c5 {[%emt 0:02:41]} 10. dxc5 {[%emt 0:15:09]} dxc5 {[%emt 0:11:17]} 11. Bh3 {[%emt 0:02:03]} e6 {[%emt 0:04:24]} 12. Nce2 {[%emt 0:05:10]} Qc7 {[%emt 0:01:41]} 13. Bf4 {[%emt 0:10:17]} Ne5 {[%emt 0:09:11]} 14. Bxe5 {[%emt 0:12:50]} Bxe5 {[%emt 0:00:15]} 15. Qe3 {[%emt 0:00:41]} Bg7 {[%emt 0:05:20]} 16. f4 {[%emt 0:01:03]} Qa5 {[%emt 0:03:45]} 17. a3 {[%emt 0:03:36]} b4 {[%emt 0:00:49]} 18. Ng3 {[%emt 0:08:54]} c4 {[%emt 0:03:55]} 19. Kb1 {[%emt 0:02:46]} c3 {[%emt 0:17:55]} 20. Nf3 {[%emt 0:03:40]} bxa3 {[%emt 0:09:10]} 21. b3 {[%emt 0:00:18]} a2+ {[%emt 0:00:21]} 22. Ka1 {[%emt 0:00:10]} Rc8 {[%emt 0:08:36]} 23. Ne5 {[%emt 0:10:17]} Bxe5 {[%emt 0:12:25]} 24. fxe5 {[%emt 0:00:05]} Qxe5 {[%emt 0:01:00]} 25. Qd4 {[%emt 0:00:37]} Qxd4 {[%emt 0:02:30]} 26. Rxd4 {[%emt 0:00:06]} Ke7 {[%emt 0:00:32]} 27. Rhd1 {[%emt 0:05:09]} Nf6 {[%emt 0:00:03]} 28. e5 {[%emt 0:03:15]} Nd5 {[%emt 0:00:03]} 29. Ne4 {[%emt 0:01:05]} Rc7 {[%emt 0:00:46]} 30. Nd6 {[%emt 0:01:21]} Ne3 {[%emt 0:01:05]} 31. Rc1 {[%emt 0:00:17]} Rd8 {[%emt 0:00:39]} 32. Rd3 {[%emt 0:00:44]} Nd5 {[%emt 0:00:15]} 33. Rf1 {[%emt 0:00:32]} Rf8 {[%emt 0:00:29]} 34. Rdf3 {[%emt 0:00:31]} f5 {[%emt 0:00:27]} 35. Nxb7 {[%emt 0:00:12]} Rxb7 {[%emt 0:00:01]} 36. h5 {[%emt 0:00:41]} Rg8 {[%emt 0:00:54]} 37. hxg6 {[%emt 0:00:15]} f4 {[%emt 0:00:08]} 38. Bg2 {[%emt 0:00:47]} Rxg6 {[%emt 0:00:15]} 39. Rxf4 {[%emt 0:00:29]} Nxf4 {[%emt 0:01:07]} 40. Bxb7 {[%emt 0:00:00]} Rxg4 {[%emt 0:00:00]} 41. Kxa2 {[%emt 0:00:00]} Nd5 {[%emt 0:00:00]} 42. Bxd5 {[%emt 0:00:00]} exd5 {[%emt 0:00:00]} 43. Rf3 {[%emt 0:00:00]} d4 {[%emt 0:00:00]} 44. b4 {[%emt 0:00:00]} Ke6 {[%emt 0:00:00]} 45. Rf6+ {[%emt 0:00:00]} Kxe5 {[%emt 0:00:00]} 46. Rxh6 {[%emt 0:00:00]} d3 {[%emt 0:00:00]} 47. cxd3 {[%emt 0:01:57]} Rxb4 {[%emt 0:00:00]} 48. Rh2 {[%emt 0:02:05]} a5 {[%emt 0:00:00]} 49. Ka3 {[%emt 0:01:04]} Rb7 {[%emt 0:00:00]} 50. Rh4 {[%emt 0:00:31]} Rc7 {[%emt 0:00:00]} 51. d4+ {[%emt 0:00:29]} Kd5 {[%emt 0:00:00]} 52. Rh1 {[%emt 0:00:31]} Kxd4 {[%emt 0:03:09]} 53. Kb3 {[%emt 0:00:29]} Rb7+ {[%emt 0:00:29]} 54. Kc2 {[%emt 0:00:05]} Rb2+ {[%emt 0:00:12]} 55. Kc1 {[%emt 0:00:05]} a4 {[%emt 0:03:56]} 56. Rh4+ {[%emt 0:00:36]} Kd3 {[%emt 0:00:06]} 57. Rh3+ {[%emt 0:00:05]} Kc4 {[%emt 0:00:22]} 58. Rh8 {[%emt 0:00:32]} a3 {[%emt 0:00:42]} 59. Rc8+ {[%emt 0:00:13]} Kd4 {[%emt 0:00:12]} 60. Rd8+ {[%emt 0:00:09]} Ke5 {[%emt 0:00:12]} 61. Re8+ {[%emt 0:00:47]} Kd6 {[%emt 0:00:12]} 62. Rd8+ {[%emt 0:01:12]} Ke7 {[%emt 0:00:18]} 63. Rc8 {[%emt 0:00:55]} a2 {[%emt 0:00:10]} 0-1